الوابل الصيب ورافع الكلم الطيب / (رقم التسجيلة. 19096)

تفاصيل مارك
000 -الفاتح
حقل البيانات ثابتة الطول 01205cam a2200253a 44500
003 - محدد رقم الضبط
رقم الضبط OSt
005 - وقت وتاريخ اخر تعامل مع التسجيلة
رقم الضبط 20150408113952.0
008 - عناصر البيانات ثابتة الطول - معلومات عامة
حقل البيانات ثابتة الطول 030618s1997 le g b 000r0 ara d
040 ## - مصدر الفهرسة
وكالة الفهرسة الأصلية mu
وكالة النسخ ara
لغة الفهرسة mb
041 ## - رمز اللغة
رمز لغة النص/ المسارات الصوتية أو العنوان الانفرادي ara
072 #7 - رمز الفئه الموضوعية
رمز فئه الموضوع 028
مجموعة رمز فئه الموضوع الشريعة الإسلامية والفقه الإسلامي
082 04 - رقم تصنيف ديوى العشرى
رقم التصنيف 237.3
092 ## - رقم استدعاء ديوى المحلى
رقم التصنيف 237.3
رقم المادة ق ج و
100 1# - المدخل الرئيسى - إسم شخصى
الإسم الشخصى ابن قيم الجوزية، محمد بن أبي بكر بن أيوب،
التواريخ المصاحبة للاسم 691-751 هـ.
9 (RLIN) 220
245 12 - بيان العنوان
العنوان الوابل الصيب ورافع الكلم الطيب /
بيان المسئوليه,etc تأليف شمس الدين أبي عبد الله محمد بن الشيخ أبي بكر المعروف ابن قيم الجوزية ؛ اعتنى به الأنصارى اسماعيل محم
250 ## - بيان الطبعة
بيان الطبعة ط. 3.
260 ## - PUBLICATION, DISTRIBUTION, ETC. (IMPRINT)
مكان الناشر او الموزع الرياض
اسم الناشر او الموزع رئاسة اداراة البحوث العلمية والأفتاء والدعوة والأرشاد
تاريخ النشر أو التوزيع 2006
300 ## - الوصف المادى
التعداد 320 ص. ؛
أبعاد الوعاء 320 سم.
504 ## - تبصرة ببليوجرافية
تبصرة ببليوجرافية,الخ يشتمل على إرجاعات ببليوجرافية.
650 ## - المدخل الاضافى بالموضوع-مصطلح موضوعى
مصطلح موضوعي أو اسم جغرافي كعنصر مدخل الأدعية (إسلام)
مصدر الرأس أو المصطلح aucsh.1
9 (RLIN) 302
650 ## - المدخل الاضافى بالموضوع-مصطلح موضوعى
مصطلح موضوعي أو اسم جغرافي كعنصر مدخل الوعظ والإرشاد
9 (RLIN) 303
700 ## - المدخل الاضافى - اسم شخصى
الإسم الشخصى الأنصارى , اسماعيل بن محمد
الدور معتني.\\
9 (RLIN) 304
942 ## - عناصر المدخل الإضافي( كوها)
مصدر التصنيف او مخطط الترفيف Dewey Decimal Classification
Koha [default] item type كتاب

لا توجد مواد متاحة.